| 000 | 00691nac a22001811u 4500 | ||
|---|---|---|---|
| 010 | _a 96001561 | ||
| 020 | _a0314066756 (alk. paper) | ||
| 020 | _a9812400621 | ||
| 082 | 0 | 0 |
_a621.39/5 _bY26 |
| 090 |
_c373 _d373 |
||
| 100 | _aYarbrough, John M. | ||
| 245 | 1 | 0 |
_aDigital logic : _bapplications and design / _cby John M. Yarbrough. |
| 260 |
_aMinneapolis/St. Paul : _bWest Pub. Co., _cc1997. |
||
| 300 |
_axx, 698 p. : _bill. (some col.) ; _c27 cm. |
||
| 650 | 0 |
_aLogic circuits _xDesign and construction. |
|
| 942 |
_cBB _k621.395Y26 |
||
| 999 |
_c373 _d373 |
||